| 000 | 00530ntaaa2200193 4500 | ||
|---|---|---|---|
| 003 | 01 | ||
| 005 | 20251027203229.0 | ||
| 008 | 0714s1973 ag 01 | ||
| 040 |
_aAR-BaBN _bspa _cAR-BaBN _eaacr _dRIC |
||
| 082 | _a262.7 D83c 1998 | ||
| 100 |
_aDriver, Juan _913735 |
||
| 245 |
_aContracorriente : _bensayo sobre eclesiología radical / _cJuan Driver |
||
| 250 | _a3 ed. | ||
| 260 |
_aGuatemala : _bSemilla, _c1998 |
||
| 300 | _a182 p | ||
| 500 | _aTercera edición corregida y aumentada | ||
| 650 | _aECLESIOLOGIA | ||
| 942 | _cBK | ||
| 999 |
_c27739 _d27739 |
||